Chronologie Franco - Statistiques

Statistiques générales
  • Ce quiz a été pris 12 fois
  • Le résultat moyen est 27 sur 92
Statistiques - réponses
Hint Réponse % Correct
mariage entre Ferdinand II et Isabelle de Castille → unification de l’Espagne + maintien de royaumes différents ainsi que de liberté et privilèges locaux garantis par un pacte avec le monarque qui doit jurer de les respecter. On parle de pactisme. 1469
100%
Prise de Grenade. 1492
100%
affichage de Luther, révolution religieuse qui devient politique (cf. mouvement émancipateur moderne). 1517
100%
premier pronunciamientos dirigé par Rafael del Riego dont l’objectif est de rétablir la Constitution libérale de 1812. 1820
100%
Ferdinand VII arrive au pouvoir. → il refuse la constitution de 1812 et restaure un pouvoir plus autoritaire. 1814
80%
la dictadouce (merci bouthillon). 1923 - 1930
80%
démission et mort de Primo de Rivera. 1930
80%
Pacte de San Sebastian. → Union des Républicains. 1930
80%
élections générales qui se caractérisent par une forte abstention de la droite, assommée par le départ du roi. La gauche sort majoritaire mais elle est divisée en deux. 1931
80%
fondation de la Phalange par Primo de Rivera. 1933
80%
révolution qui met fin à la monarchie de Juillet en France (cf. mouvement émancipateur moderne). 1848
60%
Commune de Paris (cf. mouvement émancipateur moderne). 1871
60%
des élections municipales ont lieu sous la demande du pacte de San Sebastian. → 45 des 52 capitales des provinces espagnoles ont voté pour la République. 1930
60%
adoption de la loi de défense de la République dans le but de calmer les agitations lorsque la gauche est au pouvoir. → Amène à la tentative de coup d’Etat du général Sanjuro. 1931
60%
7e congrès mondial du Komintern à Moscou, où les communistes abandonnent leur hostilité prioritaire envers les socialistes pour la formation d’une alliance aussi large que possible pour barrer les portes au fascisme. 1935
60%
l’Espagne entre à l’ONU. 1955
60%
Franco déclare la guerre terminée. 1 avril 1939
60%
les arabes traversent le détroit de Gibraltar et s’emparent de la majorité de l’Espagne. 711
60%
coup d’État de Primo de Rivera. 13 septembre 1923
40%
révolution américaine (cf. mouvement émancipateur moderne). 1776
40%
mouvement des Lumières (cf. mouvement émancipateur moderne). + vacance de la légitimité en Europe. 1789
40%
face à l’invasion napoléonienne, les Espagnols réunissent les cortès. 1812
40%
Perte définitive de l’Amérique sans compter Cuba. 1824
40%
création du Parti Socialiste Ouvrier Espagnol (PSOE). 1879
40%
fondation de l’UGT. 1888
40%
conférence d'Algésiras. → Le sud du Maroc revient à la France tandis que le Nord revient à l’Espagne (zone pauvre du Rif ça saoule un peu dcp). => Début d’une guerre coloniale. 1906
40%
un retour à la gauche s’opère, boosté par le Révolution Bolchevik. 1917
40%
déclaration d’une grève générale anarcho-socialiste. 1917
40%
fin du pistolerisme, victoire contre les forces marocaines. → Marquent les belles années de l’Espagne. 1925
40%
fusion de la Phalange espagnole avec les Juntes d’Offensive Nationale Syndicaliste (JONS), menée par Onésimo Redondo et Ramiro Ledesma Ramos. 1934
40%
sous la pression de la CEDA, Alcala Zamora consent finalement à l'intégration de trois ministres de la CEDA au sein du gouvernement. 1934
40%
insurrection de la gauche en réaction à l’intégration de la CEDA. → grève générale des deux syndicats (UGT et CNT). Elle mène à la proclamation d’un État catalan à Barcelone par Companysoled. 1934
40%
la droite au pouvoir. 1934 - 1935
40%
cinq ministres de la CEDA entrent au gouvernement, dont Gil Robles. 1935
40%
pacte d’acier entre l’Italie et l’Allemagne. 1939
40%
concordat avec Pie XII (reconnaissance catholique) et accord avec les USA. 1953
40%
assassinat d’Edouardo Dato. 8 mars 1921
40%
Calvo Sotelo est arrêté puis assassiné. 13 juillet 1936
20%
Francesco Ferrer meurt, tué par la gauche. 13 octobre 1909
20%
période de banqueroutes financières régulières en Espagne. 1557 - 1647
20%
expulsion des Morisque, les musulmans restés en Espagne. 1609
20%
exécution de Charles Ier en Angleterre (cf. mouvement émancipateur moderne). 1649
20%
Siège de Saragosse. → fait plus de 50 000 morts espagnols. 1809
20%
début de la neutralité politique en Suisse qui marque sa régularité. 1815
20%
première guerre civile carliste. 1833 - 1839
20%
règne d’Isabelle II d’Espagne. → fragilisation de la monarchie. 1833 - 1868
20%
44 gouvernements espagnols différents. 1836 - 1868
20%
deuxième guerre civile carliste. 1846 - 1849
20%
troisième (et dernière) guerre carliste. 1872 - 1876
20%
Iere Rep proclamée à Madrid + division interne de la monarchie espagnole. 1873 - 1874
20%
restauration monarchique s’installe, proche d’un modèle orléaniste. 1874
20%
Marx envoie Lafargue en Espagne donc développement du courant marxiste face à l’anarchie. 1874
20%
“propagande par le fait” ; une vague d’attentat de gauche se développe en réaction à la répression et dans l’espoir de renverser le pouvoir en place. 1890
20%
création de la Ligue catalane. 1892
20%
création du Parti nationaliste basque. 1892
20%
fondation de la Confédération Nationale du Travail (CNT). → Rassemble plus de membres que l’UGT. 1910
20%
incarnation du triomphe absolu des valeurs locales de la droite. 1914
20%
formation de syndicats d’officiers. 1917
20%
création par l’anarchisme de la Fédération Anarchique Ibérique (FAI). 1927
20%
discours de Gilles Mendès faisant le bilan de la situation depuis la victoire du Front Populaire. → 160 églises incendiées, 270 meurtres politiques, 146 attentats à la bombe, 113 grèves générales et 250 lieux religieux attaqués. 1936
20%
le Pays Basque et la Catalogne tombent aux mains de Franco. 1937
20%
manifeste de Lausanne par Don Juan, réclamant une monarchie démocratique. 1946
20%
Franco refuse de reconnaître Israël en soutien aux indépendances arabes. 1948
20%
fondation de l’ETA (= “Pays basque et liberté” en basque). 1950
20%
Franco forme un nouveau gouvernement dominé par des technocrates liés à l'Opus Dei (fondé par Escrivá de Balaguer) : Lopez Rodó, Navarro Rubio (Finances), Ullastres (Commerce). Leur stratégie : combiner libéralisme économique et conservatisme politique. 1957
20%
l’Europe trouve son équilibre avec des régimes centristes avec exclusion des extrêmes. années 1870
20%
semaine tragique de Barcelone. → apogée de la “propagande par le fait”. juillet 1909
20%
défaite d’Annual. → Catastrophe pour l’Espagne car expose l’incapacité des élites espagnoles, rendant inévitable la création d’une commission d’enquête par les Cortes. juillet 1921
20%
les troupes de Franco atteignent la Méditerranée à Vinaroz → la République est coupée en deux, la défaite républicaine est actée. 15 avril 1938
0%
démission de Largo Caballero, remplacé par Negrin. 15 mai 1937
0%
règne de Charles II d’Espagne. 1665 - 1700
0%
deuxième révolution en Angleterre qui entraîne la perte du trône, c’est la glorieuse révolution avec une dimension protestante importante (cf. mouvement émancipateur moderne). 1688
0%
attentat de Begoña. → des phalangistes posent deux bombes lors d'une messe carliste, blessant 100 personnes. 16 août 1942
0%
Adhérence au mouvement des Lumières sous Charles III d’Espagne. 1750 - 1788
0%
règne de Charles IV. → conduit l’Espagne au cataclysme. 1788 - 1808
0%
restauration de la dynastie de Bourbon puis renversement (cf. mouvement émancipateur moderne). 1830
0%
13 élections générales aux Cortès. 1834 - 1846
0%
développement des premiers systèmes socialistes. 1840
0%
Donoso Cortès pense la dictature comme remède aux désordres libéraux. 1849
0%
Bakounine envoie Giuseppe Fanelli, un émissaire, à Madrid et Barcelone pour diffuser les idées anarchistes parmi les populations rurales et les plus pauvres. 1868
0%
arrivée du général Pavia qui calme les déclarations d’indépendance de certaines villes. 1873
0%
répression extrême à Malaga. 1937
0%
arrestation des dirigeants du POUM sur ordre d'Orlov (NKVD). André Nin, refusant de coopérer malgré la torture, est assassiné secrètement. 1937
0%
aux obsèques d'Ortega y Gasset, les étudiants forment un cortège laïc qui tourne à la manifestation contre le régime. 1955
0%
grèves à Barcelone et formation de commissions ouvrières. 1956
0%
Juan Carlos prête serment comme successeur du Caudillo. 1969
0%
visite de De Gaulle. + entrevue avec Nixon. 1970
0%
l'ETA assassine Carrero Blanco. Franco réagit durement en nommant le phalangiste intégriste Arias Navarro. 1973
0%
mort de Franco. Des centaines de milliers d'Espagnols défilent devant son corps. 20 novembre 1975
0%
Londres et Paris reconnaissent le régime de Franco comme gouvernement légitime. 27 février 1939
0%
loi de succession adoptée par référendum. L’Espagne est définie comme un royaume, Franco désigne son successeur. 6 juillet 1947
0%
réunion fondatrice de la conjuration militaire a lieu à Madrid, réunissant le général Mola (ancien chef des services de renseignement, surnommé « le Directeur »), le général Kindelán (monarchiste), Queipo de Llano (cousin d’Alcalá Zamora mais non hostile à la République en principe), Franco (le plus prudent, car il estime que la prise de pouvoir sera difficile) et Sanjurjo. 8 mars 1936
0%
Aucun quiz correspondant
Distribution des résultats
% des personnes avec chaque résultat
Percentile par nombre de réponses
Votre historique - résultats
Vous n’avez pas pris ce quiz